| 000 | 00509nam a2200181 a 4500 | ||
|---|---|---|---|
| 001 | 000522878 | ||
| 003 | AM-YeHGA | ||
| 005 | 20250617135133.0 | ||
| 008 | 070223s1932 ai r 000 0 arm d | ||
| 040 | _aAM-YeHGA | ||
| 041 | 1 | _aarm | |
| 100 | 1 | _aԲագիրով, Ա. | |
| 245 | 1 | 0 |
_aՃագարաբուծություն / _cԱ. Բագիրով. |
| 260 |
_aՅերևան : _bՊետհրտ, _c1932. |
||
| 300 |
_a80 էջ : _bնկ. ; _c23 սմ. |
||
| 650 | 1 | 4 | _aՃագարաբուծություն |
| 090 | _c195834 | ||
| 999 |
_c194359 _d194359 |
||